| 000 | 00373cam a22001097a 4500 | ||
|---|---|---|---|
| 008 | 180718b1960 xxu||||| |||| 00| 0 eng d | ||
| 082 | _aN4x42 Un3rc | ||
| 245 |
_aRoyal commission on the police 1960 (interim report) _cby Her Majesty's Stationery Office |
||
| 260 |
_aLondon _bHer Majesty's Stationery Office _c1960 |
||
| 300 | _a77p. | ||
| 700 | _aHer Majesty's Stationery Office | ||
| 999 |
_c410999 _d410999 |
||